[Event "Bad Godesberg op 15th"]
[Site "Bad Godesberg"]
[Date "2011.07.25"]
[Round "3"]
[White "Mittmann, Johannes"]
[Black "Jordans, Ralph"]
[Result "1-0"]
[WhiteElo "1950"]
[BlackElo "1848"]
[PlyCount "93"]
[EventDate "2011.07.23"]
[EventType "swiss"]
[EventRounds "9"]
[EventCountry "GER"]
[SourceTitle "EXT 2017"]
[Source "ChessBase"]
[SourceDate "2016.10.25"]
[SourceVersion "1"]
[SourceVersionDate "2016.10.25"]
[SourceQuality "1"]

1. e4 c5 2. Nf3 Nc6 3. d4 cxd4 4. Nxd4 g6 5. Nc3 Bg7 6. Be3 Nf6 7. Bc4 0-0 8. Bb3 Ng4 9. Qxg4 Nxd4 10. Qd1 Nxb3 11. axb3 b6 12. 0-0 Bb7 13. Bd4 Qc7 14. Bxg7 Kxg7 15. Ra4 Bc6 16. Rd4 d6 17. Re1 Rad8 18. b4 a6 19. Qe2 e5 20. Rd2 b5 21. Red1 f5 22. Nd5 Bxd5 23. Rxd5 fxe4 24. c3 Rf4 25. g3 Rf6 26. Qxe4 Qb6 27. Qe3 Qxe3 28. fxe3 Re6 29. e4 Kf7 30. Ra1 Ra8 31. Rxb5 axb5 32. Rxa8 d5 33. exd5 Rd6 34. Kf2 Rxd5 35. Ke2 h5 36. Ra6 e4 37. Rc6 g5 38. Rc5 Ke6 39. Rxd5 Kxd5 40. b3 h4 41. Ke3 hxg3 42. hxg3 Ke5 43. c4 Kf5 44. c5 Kg4 45. c6 Kxg3 46. c7 Kh2 47. c8Q 1-0

[Event "Bad Godesberg op 15th"]
[Site "Bad Godesberg"]
[Date "2011.07.24"]
[Round "2"]
[White "Krug, Michael"]
[Black "Mittmann, Johannes"]
[Result "0-1"]
[WhiteElo "1706"]
[BlackElo "1950"]
[PlyCount "78"]
[EventDate "2011.07.23"]
[EventType "swiss"]
[EventRounds "9"]
[EventCountry "GER"]
[SourceTitle "EXT 2017"]
[Source "ChessBase"]
[SourceDate "2016.10.25"]
[SourceVersion "1"]
[SourceVersionDate "2016.10.25"]
[SourceQuality "1"]

1. d4 d5 2. c4 c6 3. Nc3 dxc4 4. a4 Nf6 5. e4 e5 6. Be3 Bb4 7. dxe5 Qxd1+ 8. Rxd1 Nxe4 9. Bxc4 Nxc3 10. bxc3 Bxc3+ 11. Ke2 Bxe5 12. Nf3 Bf6 13. Ng5 Bg4+ 14. f3 Bh5 15. h4 Bxg5 16. Bxg5 0-0 17. Rd6 Bg6 18. Rhd1 Bc2 19. R1d4 Bxa4 20. Bxf7+ Rxf7 21. Rd8+ Rf8 22. Be7 Bb5+ 23. Ke3 Rxd8 24. Rxd8+ Kf7 25. Bd6 Ke6 26. f4 h5 27. Be5 g6 28. Kd4 c5+ 29. Kc3 Bc6 30. g3 Be4 31. Rxb8 Rxb8 32. Bxb8 Kd5 33. Bxa7 b5 34. Bb8 b4+ 35. Kd2 c4 36. Be5 c3+ 37. Ke3 Bf5 38. Ke2 Bc2 39. Ke3 Kc4 0-1